000 01241nam a2200181Ia 4500
001 7540
003 GE_BSU
008 181216s||||||||xx |||||||||||||| ||und||
040 _cGE_BSU
245 _aგადასახადები.№7,დამატება №3.2013.
245 _bოფიციალური დოკუმენტები,დაბეგვრის თეორია და მეთოდოლოგია,დაბეგვრის პრაქტიკა,ფინანსები,აღრიცხვა და აუდიტი,ცვლილებები საფადასახადო და საბაჟო კანონმდებლობაში კომენტარებით, კითხვა-პასუხები.
245 _cმთ.რედ.დავით ჯალაღონია,რედ.მადონა გელაშვილი.
260 _aთბილისი.
300 _a96გვ;29სმ.
520 _aრეფერირებადი და რეცენზირებადი სამეცნიერო-პრაქტიკული ჟურნალი
653 _aპერიოდიკა
942 _cCR
999 _c40896
_d40896